Language Quiz

Random Language Quiz
Score 0/18 Timer 04:00
0 Plays Today
Hint Answer % Correct
the beachil mare
83.7%
the vacationla vacanza
74.8%
the lakeil lago
73.3%
the tripil viaggio
68.9%
the passportil passaporto
65.2%
the tent la tenda
62.2%
the mountainsle montagne
55.6%
the luggageil bagaglio
54.8%
to the lakeal lago
54.1%
Hint Answer % Correct
the sleeping bagil sacco a pelo
53.3%
the countryla campagna
52.6%
the bicyclela bicicletta
52.6%
the resortle terme
45.9%
the camerala macchina fotografica
45.9%
to sunbatheprendere il sole
45.2%
the suitcasela valigia
44.4%
the mapla cartina
42.2%
to ride andare
34.8%
Remove Ads.
Support Sporcle.
Get the best of Sporcle when you Go Orange. This ad-free experience offers more features, more stats, and more fun while also helping to support Sporcle. Thank you for becoming a member.

You're not logged in!

Compare scores with friends on all Sporcle quizzes.
OR
Log In

Show Comments

Extras

Created Sep 13, 2017ReportNominate

Top Quizzes Today


Score Distribution

Your Account Isn't Verified!

In order to create a playlist on Sporcle, you need to verify the email address you used during registration. Go to your Sporcle Settings to finish the process.

Report this User

Report this user for behavior that violates our Community Guidelines.

Details: